LEADER 01930nam 2200457 450 001 990000872310203316 005 20210209145833.0 035 $a0087231 035 $aUSA010087231 035 $a(ALEPH)000087231USA01 035 $a0087231 100 $a20020115d1993----km-y0itay0103----ba 101 $aita 102 $aIT 105 $a||||||||001yy 200 1 $a<> esecuzione forzata, i procedimenti speciali, il processo del lavoro e i processi localizio e agrario$fCrisanto Mandrioli$v3 205 $a9. ed. rielaborata con riguardo alla L.26 novembre 1990 n.353 e alla L. 21 novembre 1991 n.374 210 $aTorino$cG. Giappichelli$d1993 215 $ap.$dcm 215 $a614 p.$d25 cm$e1 fascicolo ( 300 $aTitolo del fascicolo: Appendice di aggiornamento alla nona edizione, con riguardo alla L. 5 gennaio 1994 n. 25 che modifica la disciplina dell'abitrato, 1994 410 $12001 461 1$10010078820$aCorso di diritto processuale civile$12001 606 0 $aDiritto processuale civile$2BNCF 676 $a347.4505 700 1$aMANDRIOLI,$bCrisanto$0227204 801 0$aIT$bsalbc$gISBD 912 $a990000872310203316 951 $aXXVII.1.B 148/3 (IG IX 237/III B)$b3831 G$cXXVII.1.B 148/3 (IG IX)$d00238894 951 $aXXVII.1.B 148/3a (IG IX 237/III B)$b3832 G$cXXVII.1.B 148/3a (IG IX)$d00238928 951 $aXXVII.1.B 148/3b (IG IX 237/III B)$b3833 G$cXXVII.1.B 148/3b (IG IX)$d00238926 959 $aBK 979 $aPATTY$b90$c20020115$lUSA01$h0913 979 $c20020403$lUSA01$h1732 979 $aPATTY$b90$c20020408$lUSA01$h1458 979 $aPATRY$b90$c20040406$lUSA01$h1700 979 $aRSIAV5$b90$c20090828$lUSA01$h1314 979 $aRSIAV5$b90$c20090828$lUSA01$h1443 979 $aRSIAV5$b90$c20090828$lUSA01$h1446 996 $aEsecuzione forzata, i procedimenti speciali, il processo del lavoro e i processi localizio e agrario$9969220 997 $aUNISA